Acoger al extranjero y la cooperación de ACNUR con las organizaciones confesionales /

Đã lưu trong:
Chi tiết về thư mục
Tác giả chính: Rivera, José
Tác giả khác: Poirier, Marie-Claude
Định dạng: Texto
Các nhãn: Thêm thẻ
Không có thẻ, Là người đầu tiên thẻ bản ghi này!

MARC

LEADER 00000 a a2200000 04500
001 48452
003
040
100 |a Rivera, José  
245 |a Acoger al extranjero y la cooperación de ACNUR con las organizaciones confesionales /  |c José Rivera, Marie-Claude Poirier  
700 |a Poirier, Marie-Claude  
773 |g número48, (2014), páginas 64-67  
999 |c 30538  |d 30538 
773 0 |0 19267  |9 4339  |a Centro de Estudios sobre Refugiados  |d Universidad de Oxford ; Centro de Estudios sobre Refugiados  |o 16190  |t Migraciones Forzadas:   |x 14609819